Management concepts in ancient Indian Psycho-Philosophic thought and their significance for present day organisations / (Record no. 143564)

MARC details
000 -LEADER
fixed length control field 00653nam a22001817a 4500
010 ## - LCCN (DPL NO)
LC control number ENG-119724
020 ## - INTERNATIONAL STANDARD BOOK NUMBER
International Standard Book Number 8186098674
Terms of availability 300.00
035 ## - SYSTEM CONTROL NUMBER
System control number EN-103256
037 ## - SOURCE OF ACQUISITION
Source of stock number/acquisition DBAD/PUB
082 ## - DEWEY DECIMAL CLASSIFICATION NUMBER
Classification number 230.5
100 ## - MAIN ENTRY--PERSONAL NAME
Personal name Bansal, Ipshita
245 ## - TITLE STATEMENT
Title Management concepts in ancient Indian Psycho-Philosophic thought and their significance for present day organisations /
Statement of responsibility, etc by Ipshita Bansal
260 ## - PUBLICATION, DISTRIBUTION, ETC. (IMPRINT)
Place of publication, distribution, etc Jaipur
Name of publisher, distributor, etc Narayan Prakashan
Date of publication, distribution, etc 2017
270 ## - ADDRESS
Address G-15, S.S. Tower, Dhamani Street, Chaura Rasta,
City Jaipur
Postal code 302003
300 ## - PHYSICAL DESCRIPTION
Extent 186p.
Dimensions 22cm(Hb)
Other physical details
500 ## - GENERAL NOTE
General note Includes bibliographical references
942 ## - ADDED ENTRY ELEMENTS (KOHA)
Source of classification or shelving scheme Dewey Decimal Classification
Item type English Books
Classification part 230.5
Call number suffix BAN
Holdings
Withdrawn status Lost status Not for loan Collection code Home library Current library Date acquired Source of acquisition Cost, normal purchase price Full call number Barcode Copy number Cost, replacement price Koha item type
      Non-fiction Katevara Katevara 18/08/2017 DBAD/PUB 300.00 230.5 BAN EN-103256 1 300.00 English Books

© Delhi Public Library
Hit Counter
free hit counter